Statistics for Australia Trivia

Click here to take the quiz!

General Stats

  • This quiz has been taken 92 times
    (42 since last reset)
  • The average score is 9 of 16

Answer Stats

QuestionAnswer% Correct
Who was the 'first person' from another country to discover Australia?Captain Cook
88%
What is the capital of Australia?Canberra
85%
What is the biggest city in Australia by population?Sydney
81%
Name one of the Australian national animals.Emu/Kangaroo
77%
Who is the current Prime Minister of Australia?Anthony Albanese
73%
Who is commonly referred to today as the 'Crocodile Hunter'?Steve Irwin
69%
Who was transported to Australia?Convicts
65%
What do the stars on the Australian flag represent?The Southern Cross
65%
Where did the people come from?Britain
62%
What was the location in Turkey that Australian troops were sent to in WW1?Gallipoli
62%
What is the biggest city in Australia by area?Brisbane
54%
What is the original race of people living in Australia referred to as?Aboriginal Australians
38%
What year were people first transported to Australia?1788
27%
What is the Australian national plant?Golden Wattle
27%
Who was the first Prime Minister of Australia?Edmund Barton
23%
Who was actually first?Willem Janszoon
8%

Score Distribution

Percentile by Number Answered

Percent of People with Each Score

Your Score History

You have not taken this quiz since the last reset